书目信息 |
| 题名: |
如何开发和销售土特产
|
|
| 作者: | 汪亚明 主编 | |
| 分册: | ||
| 出版信息: | 北京 中国旅游出版社 2015 |
|
| 页数: | 55页 | |
| 开本: | 21cm | |
| 丛书名: | 乡村旅游点对点百问百答 | |
| 单 册: | ||
| 中图分类: | F762.7 | |
| 科图分类: | ||
| 主题词: | 土特产品--产品销售--中国 | |
| 电子资源: | ||
| ISBN: | 978-7-5032-5117-7 | |
| 000 | 00923oam2 2200265 450 | |
| 001 | 340362 | |
| 005 | 20150625104911.73 | |
| 010 | @a978-7-5032-5117-7@dCNY12.00 | |
| 100 | @a20151327d2015 em y0chiy50 ea | |
| 101 | 0 | @achi |
| 102 | @aCN@b110000 | |
| 105 | @aa z 000yy | |
| 106 | @ar | |
| 200 | 1 | @a如何开发和销售土特产@Aru he kai fa he xiao shou tu te chan@d= How to develop and sale native products@f汪亚明主编@zeng |
| 210 | @a北京@c中国旅游出版社@d2015 | |
| 215 | @a55页@c图@d21cm | |
| 225 | 2 | @a乡村旅游点对点百问百答@v5 |
| 330 | @a本书内容包括:乡村旅游产品如何分类?如何设计土特产品的品牌?如何给土特产品定价?能在哪些地方销售土特产等。 | |
| 410 | 0 | @12001 @a乡村旅游点对点百问百答 |
| 510 | 1 | @aHow to develop and sale native products@zeng |
| 606 | 0 | @a土特产品@x产品销售@y中国 |
| 690 | @aF762.7@v5 | |
| 701 | 0 | @a汪亚明@Awang ya ming@4主编 |
| 801 | 0 | @aCN@b卓展宏图@c20150525 |
| 905 | @dF762.7@e45@f4 | |
| 如何开发和销售土特产= How to develop and sale native products/汪亚明主编.-北京:中国旅游出版社,2015 |
| 55页:图;21cm.-(乡村旅游点对点百问百答;5) |
| ISBN 978-7-5032-5117-7:CNY12.00 |
| 本书内容包括:乡村旅游产品如何分类?如何设计土特产品的品牌?如何给土特产品定价?能在哪些地方销售土特产等。 |
| ● |
| 相关链接 |
|
|
|
|
正题名:如何开发和销售土特产
索取号:F762.7/45
 
预约/预借
| 序号 | 登录号 | 条形码 | 馆藏地/架位号 | 状态 | 备注 |
| 1 | 865369 | 208653697 | 第一样本阅览室/ [索取号:F762.7/45] | 在馆 | |
| 2 | 865370 | 208653704 | 第一借阅区/ [索取号:F762.7/45] | 在馆 | |
| 3 | 865371 | 208653713 | 第一借阅区/ [索取号:F762.7/45] | 在馆 | |
| 4 | 865372 | 208653722 | 第一借阅区/ [索取号:F762.7/45] | 在馆 |